| 000 | 00522 a2200181 4500 | ||
|---|---|---|---|
| 003 | OSt | ||
| 005 | 20260324144839.0 | ||
| 008 | 231205b |||||||| |||| 00| 0 eng d | ||
| 020 | _a9789391616540 | ||
| 040 | _coclc | ||
| 082 |
_a833.912 _bKAF/S |
||
| 100 |
_aKafka, Franz _95083 |
||
| 245 |
_aSuvarna Kadhakal Franz Kafka / _cFranz Kafka |
||
| 250 | _a1st ed. | ||
| 260 |
_aKunnamkulam: _bRed Rose Publishing House, _c2023 |
||
| 300 | _a224p. | ||
| 942 |
_2ddc _cBK _h833.912 _iKAF/S _k833.912 _mKAF/S |
||
| 999 |
_c43963 _d43963 |
||